América del Sur (Record no. 18297)

MARC details
000 -LEADER
campo de control de longitud fija 00824nam a2200229 i 4500
001 - NÚMERO DE CONTROL
campo de control 18297
003 - IDENTIFICADOR DE NÚMERO DE CONTROL
campo de control ES-MaACL
005 - FECHA Y HORA DE LA ÚLTIMA TRANSACCIÓN
campo de control 20230906151814.0
007 - CAMPO FIJO DE DESCRIPCIÓN FÍSICA--INFORMACIÓN GENERAL
campo de control de longitud fija t|
008 - DATOS DE LONGITUD FIJA--INFORMACIÓN GENERAL
campo de control de longitud fija 011122s1950 sp ||||1| spa d
080 ## - NÚMERO DE LA CLASIFICACIÓN DECIMAL UNIVERSAL
Número de la Clasificación Decimal Universal 33(8.03):911.3
080 ## - NÚMERO DE LA CLASIFICACIÓN DECIMAL UNIVERSAL
Número de la Clasificación Decimal Universal 911.3:33(8.03)
100 1# - ENTRADA PRINCIPAL--NOMBRE DE PERSONA
Nombre de persona Shanahan, E. W.
9 (RLIN) 106001
245 10 - MENCIÓN DEL TÍTULO
Título América del Sur
Resto del título : geografía económica y regional con un capítulo histórico /
Mención de responsabilidad, etc. E. W. Shanahan ; traducción española de la séptima edición inglesa (1949) por Joaquina Comas de Candel.
260 ## - PUBLICACIÓN, DISTRIBUCIÓN, ETC.
Lugar de publicación, distribución, etc. Barcelona :
Nombre del editor, distribuidor, etc. Omega,
Fecha de publicación, distribución, etc. [1950]
300 ## - DESCRIPCIÓN FÍSICA
Extensión 389 p. :
Otras características físicas il. ;
Dimensiones 23 cm.
500 ## - NOTA GENERAL
Nota general Biblioteca Juan Andrade.
651 #4 - PUNTO DE ACCESO ADICIONAL DE MATERIA--NOMBRE GEOGRÁFICO
Nombre geográfico América del Sur-
Subdivisión general Geografía económica.
9 (RLIN) 7715
700 0# - ENTRADA AGREGADA--NOMBRE PERSONAL
Nombre de persona Comas, Joaquina.
9 (RLIN) 39934
852 ## - LOCALIZACIÓN
Ubicación ES-MaACL
Número de control de estantería AND-158
Sublocalización o colección R.109460
852 ## - LOCALIZACIÓN
Ubicación ES-MaACL
Número de control de estantería D-7593
Sublocalización o colección R.30491
Holdings
Estatus retirado Estado de pérdida Estado de daño No para préstamo Biblioteca de origen Biblioteca actual Ubicación en estantería Fecha de adquisición Fuente de adquisición Total de préstamos Signatura topográfica completa Código de barras Visto por última vez Precio de reemplazo Tipo de ítem Koha
        Biblioteca del Ateneo de Madrid Biblioteca del Ateneo de Madrid Sala Valle Inclán 17/01/2008     D-7593 901018716 23/02/2023 23/02/2023 Libro impreso
        Biblioteca del Ateneo de Madrid Biblioteca del Ateneo de Madrid Depósito 2 17/01/2008     AND-158 1018715 23/02/2023 23/02/2023 Libro impreso